Meilleurs entraîneurs des 5 grands championnats depuis 2010 - Statistiques

Statistiques générales
  • Ce quiz a été pris 478 fois
  • Le résultat moyen est 38 sur 72
Statistiques - réponses
Championnat Saison Entraîneur % Correct
Ligue 1 2012-2013 Carlo Ancelotti
96%
Liga 2021-2022 Carlo Ancelotti
96%
Premier League 2017-2018 Pep Guardiola
96%
Premier League 2018-2019 Pep Guardiola
96%
Premier League 2020-2021 Pep Guardiola
96%
Premier League 2022-2023 Pep Guardiola
96%
Premier League 2023-2024 Pep Guardiola
96%
Liga 2010-2011 Pep Guardiola
96%
Liga 2011-2012 Pep Guardiola
96%
Bundesliga 2013-2014 Pep Guardiola
96%
Premier League 2019-2020 Jürgen Klopp
88%
Premier League 2021-2022 Jürgen Klopp
88%
Bundesliga 2010-2011 Jürgen Klopp
88%
Bundesliga 2011-2012 Jürgen Klopp
88%
Liga 2014-2015 Luis Enrique
85%
Liga 2016-2017 Zinédine Zidane
81%
Liga 2019-2020 Zinédine Zidane
81%
Bundesliga 2015-2016 Thomas Tuchel
80%
Ligue 1 2014-2015 Laurent Blanc
79%
Ligue 1 2015-2016 Laurent Blanc
79%
Premier League 2014-2015 José Mourinho
78%
Ligue 1 2012-2013 Christophe Galtier
75%
Ligue 1 2018-2019 Christophe Galtier
75%
Ligue 1 2020-2021 Christophe Galtier
75%
Ligue 1 2017-2018 Unai Emery
67%
Liga 2012-2013 Diego Simeone
63%
Liga 2013-2014 Diego Simeone
63%
Liga 2015-2016 Diego Simeone
63%
Liga 2020-2021 Diego Simeone
63%
Premier League 2016-2017 Antonio Conte
62%
Serie A 2011-2012 Antonio Conte
62%
Serie A 2012-2013 Antonio Conte
62%
Serie A 2013-2014 Antonio Conte
62%
Serie A 2020-2021 Antonio Conte
62%
Bundesliga 2019-2020 Hansi Flick
62%
Premier League 2010-2011 Alex Ferguson
61%
Premier League 2012-2013 Alex Ferguson
61%
Serie A 2010-2011 Massimiliano Allegri
58%
Serie A 2014-2015 Massimiliano Allegri
58%
Serie A 2015-2016 Massimiliano Allegri
58%
Serie A 2017-2018 Massimiliano Allegri
58%
Serie A 2023-2024 Simone Inzaghi
56%
Bundesliga 2023-2024 Xabi Alonso
54%
Premier League 2015-2016 Claudio Ranieri
52%
Ligue 1 2016-2017 Leonardo Jardim
45%
Ligue 1 2010-2011 Rudi Garcia
45%
Ligue 1 2022-2023 Franck Haise
41%
Ligue 1 2021-2022 Bruno Génesio
32%
Serie A 2022-2023 Luciano Spalletti
32%
Ligue 1 2023-2024 Éric Roy
31%
Ligue 1 2011-2012 René Girard
31%
Ligue 1 2013-2014 René Girard
31%
Serie A 2021-2022 Stefano Pioli
29%
Liga 2021-2022 Manuel Pellegrini
27%
Serie A 2016-2017 Maurizio Sarri
25%
Bundesliga 2012-2013 Jupp Heynckes
24%
Bundesliga 2017-2018 Jupp Heynckes
24%
Liga 2023-2024 Michel
16%
Liga 2019-2020 Julen Lopetegui
9%
Liga 2017-2018 Marcelino
9%
Bundesliga 2018-2019 Adi Hütter
8%
Bundesliga 2020-2021 Adi Hütter
8%
Serie A 2018-2019 Gian Piero Gasperini
8%
Serie A 2019-2020 Gian Piero Gasperini
8%
Liga 2022-2023 Imanol Alguacil
2%
Liga 2018-2019 José Bordalás
2%
Bundesliga 2014-2015 Lucien Faivre
2%
Premier League 2013-2014 Tony Pulis
1%
Premier League 2011-2012 Alan Pardew
0%
Bundesliga 2021-2022 Christian Streich
0%
Bundesliga 2016-2017 Ralph Hasenhüttl
0%
Bundesliga 2022-2023 Urs Fischer
0%
Aucun quiz correspondant
Distribution des résultats
% des personnes avec chaque résultat
Percentile par nombre de réponses
Votre historique - résultats
Vous n’avez pas pris ce quiz